00268nam a2200109Ia 4500008004100000082001300041100001300054245004000067260003700107300000600144650000800150191201s2007 xx 000 0 und d a657bGUF aGUPTA, A 0aFinancial Accounting for Management aN.DelhibPearson Educationc2007 a- aMBA